00453nam a2200121Ia 4500008004100000082001900041100002700060245006500087260004200152365000700194630006500201730006500266100415s9999 xx 000 0 und d b14300a341.762 aCaldwell Lynton Keith aInternational environmental policy: emergence and dimensions aNEW DELHIc1990bAFFILIATED EAST-WEST b85 aInternational environmental policy: emergence and dimensions aInternational environmental policy: emergence and dimensions